Statistiques concernant Mangas prépubliés dans le Weekly Shōnen Jump en 2023

Cliquez ici pour prendre le quiz!

Statistiques générales

  • Ce quiz a été pris 36 fois
  • Le résultat moyen est 5 sur 23

Statistiques - réponses

Auteur(s)Début dans le JumpNom du manga% Correct
Eiichirō Oda22 juillet 1997One Piece
97%
Gege Akutami5 mars 2018Jujutsu Kaisen
79%
Yoshihiro Togashi16 mars 1998Hunter x Hunter
69%
Kōhei Horikoshi7 juillet 2014My Hero Academia
69%
Yūki Tabata16 février 2015Black Clover
38%
Hajime Koumoto27 janvier 2020Mashle
17%
Yūto Suzuki21 novembre 2020Sakamoto Days
17%
Yoshifumi Tozuka20 janvier 2020Undead Unluck
17%
Miura Kouji12 avril 2021Blue Box
10%
Yūki Suenaga & Takamasa Moue14 février 2022Akane-banashi
7%
Shūhei Miyazaki6 juillet 2020Me & Roboco
7%
Hitsuji Gondaira26 août 2019Mission: Yozakura Family
7%
Mapollo 318 septembre 2021PPPPPP
7%
Yusei Matsui25 janvier 2021The Elusive Samurai
7%
Taizan 514 novembre 2022The Ichinose Family's Deadly Sins
7%
Masaoki Shindou13 juin 2022Ruri Dragon
3%
Kenta Shinohara25 janvier 2021Witch Watch
3%
Nisio Isin & Yuuji Iwasaki21 novembre 2022Cipher Academy
0%
Daisuke Enoshima5 décembre 2022Fabricant 100
0%
Watanabe Shinpei12 septembre 2022Ginka & Glüna
0%
Ryo Nakama7 septembre 2020High School Family
0%
Seiji Hayashi28 novembre 2022Ichigoki's Under Control
0%
Nakama Tadaichi5 septembre 2022Tokyo Demon Bride Story
0%

Distribution des résultats

Percentile par nombre de réponses

% des personnes avec chaque résultat

Votre développement - résultats

Vous n’avez pas pris ce quiz